000 00866nam a22002297a 4500
999 _c13420
_d13420
003 MIRAKIL
005 20190718134907.0
008 190718b tu ||||| |||| 00| 0 tur d
020 _a9786052957707
040 _aTR-AnCHP
_cTR-AnCHP
041 _atur
082 _a923.2
_bY91g 2019
100 1 _aYücel, Hasan Ali
_d1897- 1961
245 1 0 _aGeçtiğim günlerden /
_cHasan Ali Yücel.
260 _aİstanbul :
_bTürkiye İş Bankası Kültür Yayınları,
_c2019.
300 _axııı, 256 s.:
_bfotg.;
_c20 sm.
490 0 _aTürkiye İş Bankası Kültür Yayınları;
_vGenel yayın :4448
600 1 4 _92608
_aYücel, Hasan Ali
_cMilli Eğitim Eski Bakanı
_d1897- 1961
_xanılar
600 1 4 _92608
_aYücel, Hasan Ali
_cMilli Eğitim Eski Bakanı
_d1897- 1961
_xyaşamöyküsü
650 0 _95055
_aSiyasetçiler
_xyaşamöyküsü
_zTürkiye
942 _2ddc
_cBKS